01136nam a2200289 i 4500001001000000003000900010005001700019007000300036008004100039020001800080040003000098041000800128082002400136100003500160245007300195264005800268300005500326336002700381337003400408338002800442490008200470490003700552504003900589610005500628650005900683830010400742000039583DO-SdBNP20250924073803.0ta130708s2007 dr ac 000 0 spa d a9789993462996 aDO-SdBNPbspacBNPHUerda aspa 4a378.7293bF825h2221 aFranco, Franklin,eautor4aut.10aHistoria de la UASD y de los estudios superiores /cFranklin Franco. 4aSanto Domingo :bEditora Universitaria-UASD,c©2007. a423 páginas :bilustraciones, retratos ;c30 cm. atextobtxt2rdacontent asin mediaciónbnc2rdamedia avolumenbnc2rdacarreie1 aColección Publicaciones de la Universidad Autónoma de Santo Domingov13751 aSerie Literatura y sociedadv125 aBibliografía : páginas 413-42210aUniversidad Autónoma de Santo DomingoxHistoria  4aEducación superiorzRepública DominicanaxHistoria aPublicaciones de la Universidad Autónoma de Santo Domingov1375pSerie Literatura y sociedadn125